书目信息 |
| 题名: |
形式语义学基础与形式说明
|
|
| 作者: | 屈延文 编著 | |
| 分册: | ||
| 出版信息: | 北京 科学出版社 1989.12 |
|
| 页数: | 681页 | |
| 开本: | 20cm | |
| 丛书名: | ||
| 单 册: | ||
| 中图分类: | TP301.2 | |
| 科图分类: | ||
| 主题词: | 计算技术 , 电子计算机 | |
| 电子资源: | ||
| ISBN: | 7-03-000606-2 | |
| 000 | 00601nam0 2200205 45 | |
| 001 | 0011270894 | |
| 005 | 20031219104047.7 | |
| 010 | @a7-03-000606-2@dCNY36.00 | |
| 100 | @a20001127d1989 km y0chiy0120 ea | |
| 101 | 0 | @achi |
| 105 | @a z 000yy | |
| 200 | 1 | @a形式语义学基础与形式说明@AXing Shi Yu Yi Xue Ji Chu Yu Xing Shi Shuo Ming@f屈延文编著@FQu Yan Wen Bian Zhu |
| 210 | @a北京@c科学出版社@d1989.12 | |
| 215 | @a681页@d20cm | |
| 606 | 0 | @a计算技术 |
| 606 | 0 | @a电子计算机 |
| 690 | @aTP301.2@v1 | |
| 701 | 0 | @a屈延文@4编著 |
| 801 | @aCN@bTSTC@c20001127 | |
| 905 | @b293353-355@dTP301.2@e208@f3 | |
| 形式语义学基础与形式说明/屈延文编著.-北京:科学出版社,1989.12 |
| 681页;20cm |
| ISBN 7-03-000606-2:CNY36.00 |
| ● |
| 相关链接 |
|
|
|
|
正题名:形式语义学基础与形式说明
索取号:TP301.2/208
 
预约/预借
| 序号 | 登录号 | 条形码 | 馆藏地/架位号 | 状态 | 备注 |
| 1 | 0293353 | 002933534 | 第三借阅区/ [索取号:TP301.2/208] | 在馆 | |
| 2 | 0293354 | 002933543 | 第三借阅区/ [索取号:TP301.2/208] | 在馆 | |
| 3 | 0293355 | 002933552 | 第二样本阅览室/ [索取号:TP301.2/208] | 在馆 |